| 000 | 00704nam a2200181 a 4500 | ||
|---|---|---|---|
| 001 | 000027825 | ||
| 005 | 20260305073951.0 | ||
| 008 | 110405s2004 dr a 000 0 spa d | ||
| 040 |
_aDO-SdBNP _bspa _cBNPHU |
||
| 110 | 2 |
_aRepública Dominicana _bSecretaría de Estado de Medio Abiemte y Recursos Naturales _954896 |
|
| 245 | 1 | 0 |
_aEstrategia de educación ambiental para el : _bpara el desarrollo sustentable de la República Dominicana / _cprólogo Frank Moya Pons. |
| 260 |
_aSanto Domingo : _bEditora Búho, _c2004. |
||
| 300 |
_a64 P. ; _c21 cm. |
||
| 490 | 1 | _aPolíticas y estrategía | |
| 700 | 1 |
_aMoya Pons, Frank, _d1944- _epról. _92095 |
|
| 830 | 0 |
_aPolíticas y estrategía _954897 |
|
| 049 | _aBNPD | ||
| 999 |
_c27317 _d27317 |
||